000 00537nam a22001817a 4500
005 20251108170540.0
008 250721s1980 xx 000 0 ara d
082 1 4 _aط/ق/طار
100 1 _aالعسلي، طارق
245 1 0 _aالمهندس الصغير /
264 _bدار العلم للملايين،
_c1980.
300 _a55ص : مص بالألوان
490 0 _aسلسلة عبقريات مبكرة
650 1 7 _aأدب الأطفال
650 1 7 _aالقصص العربية
942 _2ddc
_cBK
999 _c43222
_d43222